000
00342nam a2200145Ia 4500
008
221030s9999 xx 000 0 und d
041
_a
English
082
_a
105.23
100
_a
M. Rafiquzzaman
245
0
_a
Modern Computer Architecture
_c
by M. Rafiquzzaman, C. Rajan
260
_c
0
650
_a
B
700
_a
C. Rajan
942
_c
BK
999
_c
10605
_d
10605